| 000 | 00396pab a2200157 454500 | ||
|---|---|---|---|
| 008 | 180718b2000 xxu||||| |||| 00| 0 eng d | ||
| 100 | _aDasgupta, Gurudas | ||
| 245 | _aDisinvestment plan: reckless sale of natural assets | ||
| 260 | _c2000 | ||
| 300 | _ap.6 | ||
| 362 | _a18 Sept | ||
| 650 | _aPublic sector - India | ||
| 650 | _aPublic sector | ||
| 773 | _aHindustan Times | ||
| 909 | _a47089 | ||
| 999 |
_c47089 _d47089 |
||